The noble scholar, jurist, historian


 His Excellency Dr. Abdul Wahhab bin Ibrahim Abu Sulaiman, may Allah have mercy on him.


 He was born in Umm Al-Qura in the year 1356 AH.

كشف الطرة عن الغرة / (Record no. 14607)

MARC details
000 -LEADER
fixed length control field 01101cam a22002531i 4500
003 - CONTROL NUMBER IDENTIFIER
control field SA-RiAUC
005 - DATE AND TIME OF LATEST TRANSACTION
control field 20260315141827.0
008 - FIXED-LENGTH DATA ELEMENTS--GENERAL INFORMATION
fixed length control field 260123q19001999||| g 000 0 ara c
040 ## - CATALOGING SOURCE
Original cataloging agency EG-CaDAJ
Language of cataloging ara
Transcribing agency SA-RiAUC
Description conventions rda
082 04 - DEWEY DECIMAL CLASSIFICATION NUMBER
Classification number 412
090 ## - LOCALLY ASSIGNED LC-TYPE CALL NUMBER (OCLC); LOCAL CALL NUMBER (RLIN)
Classification number (OCLC) (R) ; Classification number, CALL (RLIN) (NR) م ن 412
Local cutter number (OCLC) ; Book number/undivided call number, CALL (RLIN) ا ل و
100 1# - MAIN ENTRY--PERSONAL NAME
Personal name الآلوسي الكبير، محمود بن عبد الله الحسيني،
Dates associated with a name 1217-1270 هجري
Relator term مؤلف.
245 10 - TITLE STATEMENT
Title كشف الطرة عن الغرة /
Statement of responsibility, etc. نعمان خير الدين الآلوسي.
264 #1 - PRODUCTION, PUBLICATION, DISTRIBUTION, MANUFACTURE, AND COPYRIGHT NOTICE
Place of production, publication, distribution, manufacture [مكان النشر غير محدد] :
Name of producer, publisher, distributor, manufacturer [الناشر غير محدد]،
Date of production, publication, distribution, manufacture, or copyright notice [بين 1900 و1999]
300 ## - PHYSICAL DESCRIPTION
Extent 477 صفحة؛
Dimensions 29 سم.
336 ## - CONTENT TYPE
Content type term نص
Content type code txt
Source rdacontent
Materials specified كتاب
337 ## - MEDIA TYPE
Media type term بدون وسيط
Media type code n
Source rdamedia
338 ## - CARRIER TYPE
Carrier type term مجلد
Carrier type code nc
Source rdacarrier
650 #7 - SUBJECT ADDED ENTRY--TOPICAL TERM
Topical term or geographic name entry element اللغة العربية
General subdivision تعبيرات اصطلاحية
Source of heading or term aucsh
700 12 - ADDED ENTRY--PERSONAL NAME
Personal name الحريري، القاسم بن علي بن محمد،
Dates associated with a name 446-516 هجري
740 02 - ADDED ENTRY--UNCONTROLLED RELATED/ANALYTICAL TITLE
Uncontrolled related/analytical title درة الغواص في أوهام الخواص.
942 ## - ADDED ENTRY ELEMENTS (KOHA)
Source of classification or shelving scheme Dewey Decimal Classification
Koha item type كتاب مصور نادر
Suppress in OPAC No
949 ## - LOCAL PROCESSING INFORMATION (OCLC)
a SA-JeALM
d 260123
u mohamedma123
n 1

No items available.